[Event "St Petersburg blitz prelim"]
[Site "St Petersburg"]
[Date "2014.12.07"]
[Round "6"]
[White "Levin, Evgeny A"]
[Black "Aleksandrov, Grigoriy"]
[Result "0-1"]
[WhiteElo "2525"]
[BlackElo "1994"]
[PlyCount "80"]
[EventDate "2014.12.07"]
[EventType "swiss (blitz)"]
[EventRounds "11"]
[EventCountry "RUS"]
[SourceTitle "CBM 163 Extra"]
[Source "ChessBase"]
[SourceDate "2014.12.23"]
[SourceVersion "1"]
[SourceVersionDate "2014.12.23"]
[SourceQuality "1"]

1. d4 Nf6 2. c4 e6 3. Nf3 d5 4. Bg5 Be7 5. e3 0-0 6. Nc3 b6 7. Qb3 Bb7 8. Rd1 Nbd7 9. Be2 h6 10. Bh4 c6 11. 0-0 Rc8 12. Qa4 a5 13. a3 dxc4 14. Qxc4 Nd5 15. Bg3 b5 16. Qb3 N7f6 17. Ne5 Nxc3 18. bxc3 a4 19. Qb2 Nd7 20. c4 Ba6 21. cxb5 cxb5 22. Bxb5 Rb8 23. Nc6 Rxb5 24. Qc2 Qe8 25. Qxa4 Rb6 26. Nxe7+ Qxe7 27. Rc1 Bxf1 28. Kxf1 Nf6 29. Rc7 Qd8 30. Ke2 Qa8 31. Qc4 Nd5 32. Rd7 Rb2+ 33. Kf1 Qxa3 34. Qc1 Qb3 35. Qc5 Rb1+ 36. Ke2 Rb2+ 37. Kf3 Qd1+ 38. Ke4 Qg4+ 39. Ke5 Rb6 40. e4 Qg5# 0-1

[Event "Voronezh op-B 17th"]
[Site "Voronezh"]
[Date "2013.06.20"]
[Round "9"]
[White "Aleksandrov, Grigoriy"]
[Black "Kholodov, Vladimir"]
[Result "1/2-1/2"]
[WhiteElo "1859"]
[BlackElo "1988"]
[PlyCount "80"]
[EventDate "2013.06.12"]
[EventType "swiss"]
[EventRounds "9"]
[EventCountry "RUS"]
[SourceTitle "EXT 2014"]
[Source "ChessBase"]
[SourceDate "2013.11.20"]
[SourceVersion "1"]
[SourceVersionDate "2013.11.20"]
[SourceQuality "1"]

1. d4 Nf6 2. c4 g6 3. Nc3 Bg7 4. g3 0-0 5. Bg2 d6 6. e4 c5 7. dxc5 dxc5 8. Qxd8 Rxd8 9. Be3 Nc6 10. a3 Nd4 11. Bxd4 cxd4 12. Nd5 e5 13. 0-0-0 Be6 14. h3 Bxd5 15. cxd5 Rac8+ 16. Kb1 Nd7 17. Ne2 a5 18. f4 f6 19. fxe5 fxe5 20. h4 Nc5 21. Nc1 Bh6 22. Nd3 Nxd3 23. Rxd3 a4 24. Bh3 Rc7 25. Rf3 Bf8 26. Rhf1 Bc5 27. Be6+ Kh8 28. Rf7 Rxf7 29. Rxf7 b6 30. Kc2 Rf8 31. Kd3 b5 32. Rxf8+ Bxf8 33. Bd7 b4 34. axb4 Bxb4 35. Bxa4 Be1 36. g4 Bxh4 37. b4 Kg8 38. Kc4 Kf8 39. b5 Ke7 40. Kc5 Kd7 1/2-1/2

[Event "Voronezh op-B 17th"]
[Site "Voronezh"]
[Date "2013.06.17"]
[Round "7"]
[White "Aleksandrov, Grigoriy"]
[Black "Kornilov, Peter"]
[Result "1/2-1/2"]
[WhiteElo "1859"]
[BlackElo "2029"]
[PlyCount "53"]
[EventDate "2013.06.12"]
[EventType "swiss"]
[EventRounds "9"]
[EventCountry "RUS"]
[SourceTitle "EXT 2014"]
[Source "ChessBase"]
[SourceDate "2013.11.20"]
[SourceVersion "1"]
[SourceVersionDate "2013.11.20"]
[SourceQuality "1"]

1. d4 Nf6 2. c4 e6 3. Nc3 Bb4 4. Qc2 Nc6 5. Nf3 0-0 6. Bg5 h6 7. Bxf6 Qxf6 8. e3 e5 9. dxe5 Nxe5 10. Nxe5 Qxe5 11. Bd3 Bxc3+ 12. Qxc3 Qxc3+ 13. bxc3 Re8 14. Kd2 d6 15. f3 Re5 16. Rab1 Ra5 17. Rb2 f5 18. Ra1 a6 19. g3 b6 20. e4 Be6 21. exf5 Bxf5 22. Re1 Kf7 23. f4 Re8 24. Rxe8 Kxe8 25. Bxf5 Rxf5 26. Kd3 h5 27. Re2+ 1/2-1/2

[Event "Voronezh op-B 17th"]
[Site "Voronezh"]
[Date "2013.06.16"]
[Round "5"]
[White "Aleksandrov, Grigoriy"]
[Black "Kasantsev, Anatolij B"]
[Result "1-0"]
[WhiteElo "1859"]
[BlackElo "1971"]
[PlyCount "123"]
[EventDate "2013.06.12"]
[EventType "swiss"]
[EventRounds "9"]
[EventCountry "RUS"]
[SourceTitle "EXT 2014"]
[Source "ChessBase"]
[SourceDate "2013.11.20"]
[SourceVersion "1"]
[SourceVersionDate "2013.11.20"]
[SourceQuality "1"]

1. d4 Nf6 2. c4 e6 3. Nc3 Bb4 4. Qc2 c5 5. dxc5 0-0 6. Nf3 Na6 7. Bg5 Nxc5 8. a3 Bxc3+ 9. Qxc3 Nce4 10. Bxf6 Nxf6 11. g3 b6 12. Bg2 Bb7 13. 0-0 Rc8 14. Qd4 d5 15. cxd5 Qxd5 16. Qa4 Qc6 17. Qxc6 Bxc6 18. Rac1 Bb7 19. Ne5 Bxg2 20. Kxg2 Rfe8 21. Nc6 Rc7 22. Nb4 Rec8 23. Rxc7 Rxc7 24. Nd3 Kf8 25. Kf3 Ke7 26. h3 Rc4 27. Rc1 Rxc1 28. Nxc1 Kd6 29. Ke3 Kd5 30. Kd3 Ne4 31. Ke3 Nc5 32. Nd3 Kc4 33. Nc1 a5 34. Kf3 e5 35. Ke3 f5 36. f3 b5 37. Nd3 Nd7 38. Kd2 g5 39. Kc2 Kd4 40. Kd2 f4 41. g4 e4 42. Ne1 Ne5 43. Nc2+ Kd5 44. Ne1 Nc4+ 45. Kc3 Ne3 46. fxe4+ Kxe4 47. Nf3 h6 48. Nd2+ Kd5 49. Nf3 Nd1+ 50. Kc2 Nf2 51. Ng1 Kc4 52. Kd2 Ne4+ 53. Kd1 Kd4 54. Nf3+ Ke3 55. Ke1 a4 56. h4 gxh4 57. Nxh4 Nf6 58. Nf5+ Ke4 59. Nxh6 Nh7 60. Nf7 Kd5 61. g5 Ke6 62. g6 1-0

[Event "Chigorin Memorial 20th"]
[Site "St Petersburg"]
[Date "2012.10.30"]
[Round "4"]
[White "Aleksandrov, Grigoriy"]
[Black "Saveliev, Alexei"]
[Result "0-1"]
[WhiteElo "1871"]
[BlackElo "2126"]
[PlyCount "136"]
[EventDate "2012.10.27"]
[EventType "swiss"]
[EventRounds "9"]
[EventCountry "RUS"]
[SourceTitle "EXT 2013"]
[Source "ChessBase"]
[SourceDate "2012.11.22"]
[SourceVersion "1"]
[SourceVersionDate "2012.11.22"]
[SourceQuality "1"]

1. d4 Nf6 2. c4 e6 3. Nc3 Bb4 4. Bd2 0-0 5. Nf3 b6 6. e3 Bb7 7. Bd3 Bxc3 8. Bxc3 Ne4 9. Bxe4 Bxe4 10. 0-0 f5 11. Nd2 Bb7 12. f3 d6 13. e4 fxe4 14. fxe4 Rxf1+ 15. Qxf1 Qg5 16. d5 e5 17. Qe2 Nd7 18. Nf3 Qg4 19. Nd4 Qxe2 20. Nxe2 h5 21. Rf1 Nf6 22. Ng3 Rf8 23. Re1 g6 24. Bd2 Kg7 25. Bg5 Nh7 26. Be3 Nf6 27. Bg5 Nh7 28. Be3 a5 29. a4 Nf6 30. Bg5 Nd7 31. Be3 Ba6 32. b3 Rb8 33. Nf1 Nc5 34. Bxc5 bxc5 35. Re3 Bc8 36. h3 Bd7 37. Nd2 g5 38. Re2 Kg6 39. Rf2 h4 40. Kf1 g4 41. hxg4 Bxg4 42. Ke1 Kg7 43. Rf1 Rh8 44. Nb1 Rb8 45. Nd2 Kg6 46. Rh1 Rh8 47. Kf2 Kg5 48. Ke3 h3 49. gxh3 Rxh3+ 50. Rxh3 Bxh3 51. Nb1 Bd7 52. Kf3 Bg4+ 53. Kg3 Bd1 54. Nd2 Bc2 55. Nf3+ Kh5 56. Nd2 Bd1 57. Kh3 Kg5 58. Kg3 Be2 59. Nb1 Bd1 60. Nd2 Kh6 61. Kh4 Be2 62. Nb1 Bf3 63. Nd2 Bd1 64. Kh3 Kh5 65. Kg3 Kg5 66. Nb1 Bxb3 67. Na3 Bxa4 68. Kf3 Kh4 0-1

[Event "St Petersburg Botvinnik Memorial op"]
[Site "St Petersburg"]
[Date "2012.09.02"]
[Round "9"]
[White "Yakovlev, Yuri S"]
[Black "Aleksandrov, Grigoriy"]
[Result "0-1"]
[WhiteElo "2035"]
[BlackElo "1845"]
[PlyCount "64"]
[EventDate "2012.08.25"]
[EventType "swiss"]
[EventRounds "9"]
[EventCountry "RUS"]
[SourceTitle "CBM 150 Extra"]
[Source "ChessBase"]
[SourceDate "2012.10.19"]
[SourceVersion "1"]
[SourceVersionDate "2012.10.19"]
[SourceQuality "1"]

1. e4 c5 2. Nf3 d6 3. c4 Bg4 4. Be2 Nc6 5. Nc3 Nf6 6. d3 g6 7. Be3 Bg7 8. Qd2 0-0 9. h3 Bxf3 10. Bxf3 e5 11. a3 a6 12. Bd1 Nd4 13. Ne2 b5 14. 0-0 bxc4 15. dxc4 Nxe4 16. Qd3 f5 17. Bxd4 cxd4 18. Rb1 Nc5 19. Qd2 d3 20. Nc3 e4 21. b4 Ne6 22. c5 dxc5 23. Bb3 Re8 24. bxc5 Qa5 25. Bxe6+ Rxe6 26. Qa2 Rae8 27. Nd5 Kh8 28. Rb7 Qxc5 29. Rc7 Rc6 30. Rxc6 Qxc6 31. Nf4 Be5 32. Qf7 Bxf4 0-1

[Event "St Petersburg Spring op"]
[Site "St Petersburg"]
[Date "2012.03.26"]
[Round "5"]
[White "Klobukov, Sergey"]
[Black "Aleksandrov, Grigoriy"]
[Result "1/2-1/2"]
[WhiteElo "1961"]
[BlackElo "1751"]
[PlyCount "86"]
[EventDate "2012.03.22"]
[EventType "swiss"]
[EventRounds "9"]
[EventCountry "RUS"]
[SourceTitle "EXT 2013"]
[Source "ChessBase"]
[SourceDate "2012.11.22"]
[SourceVersion "1"]
[SourceVersionDate "2012.11.22"]
[SourceQuality "1"]

1. Nf3 d5 2. b3 Nf6 3. Bb2 e6 4. e3 c5 5. Bb5+ Bd7 6. a4 Bd6 7. Ne5 Bxe5 8. Bxe5 Bxb5 9. axb5 Nbd7 10. Bb2 0-0 11. 0-0 e5 12. d3 d4 13. e4 Ne8 14. f4 Nd6 15. fxe5 Nxe5 16. Na3 Qh4 17. h3 f5 18. Qe1 Qxe1 19. Rfxe1 fxe4 20. dxe4 Rf4 21. Rad1 Re8 22. Bc1 Rxe4 23. Rxe4 Nxe4 24. Re1 Nc3 25. Bd2 Nd5 26. Nc4 Ne3 27. Nxe3 dxe3 28. Rxe3 Re7 29. Bc3 Ng6 30. Rxe7 Nxe7 31. Be5 Nf5 32. Bb8 a6 33. bxa6 bxa6 34. Ba7 Nd4 35. Bxc5 Nxc2 36. b4 Kf7 37. Kf2 Ke6 38. Ke2 Kd5 39. Kd2 Na3 40. Bf8 g6 41. Kd3 Nc4 42. g4 Ne5+ 43. Ke3 Kc4 1/2-1/2

[Event "St Petersburg Spring op"]
[Site "St Petersburg"]
[Date "2012.03.25"]
[Round "4"]
[White "Aleksandrov, Grigoriy"]
[Black "Fateev, Michail"]
[Result "0-1"]
[WhiteElo "1751"]
[BlackElo "2031"]
[PlyCount "82"]
[EventDate "2012.03.22"]
[EventType "swiss"]
[EventRounds "9"]
[EventCountry "RUS"]
[SourceTitle "EXT 2013"]
[Source "ChessBase"]
[SourceDate "2012.11.22"]
[SourceVersion "1"]
[SourceVersionDate "2012.11.22"]
[SourceQuality "1"]

1. d4 Nf6 2. c4 g6 3. Nc3 Bg7 4. g3 0-0 5. Bg2 d6 6. Nf3 Nbd7 7. 0-0 e5 8. e4 c6 9. dxe5 dxe5 10. b3 Re8 11. Ba3 Qa5 12. Bb2 Nc5 13. Qc2 Bg4 14. a3 Ne6 15. Ne2 Nd7 16. Rad1 Rad8 17. h3 Bxf3 18. Bxf3 Ndf8 19. Rxd8 Rxd8 20. Rd1 Nd4 21. Nxd4 exd4 22. b4 Qc7 23. Rd3 h5 24. c5 Ne6 25. Qd2 b6 26. cxb6 axb6 27. Qc1 c5 28. bxc5 bxc5 29. Qc4 h4 30. Kg2 hxg3 31. fxg3 Be5 32. Bd1 Ng5 33. Bf3 Bxg3 34. a4 Ne6 35. Ra3 Be1 36. Bg4 Nf4+ 37. Kf3 d3 38. e5 g5 39. Bc1 Rd4 40. Qa6 Qxe5 41. Be3 Qd5# 0-1